[Event "Foment Martinenc op-C 22nd"]
[Site "Barcelona"]
[Date "2022.06.04"]
[Round "7"]
[White "Ferrandiz Alvarez, Miquel"]
[Black "Jimenez Perez, Victor Javier"]
[Result "1-0"]
[WhiteElo "1518"]
[BlackElo "1700"]
[PlyCount "55"]
[EventDate "2022.04.23"]
[EventType "swiss"]
[EventRounds "9"]
[EventCountry "ESP"]
[SourceTitle "EXT 2023"]
[Source "ChessBase"]
[SourceDate "2022.10.05"]
[SourceVersion "1"]
[SourceVersionDate "2022.10.05"]
[SourceQuality "1"]

1. e4 d5 2. exd5 Nf6 3. c4 e6 4. Nc3 exd5 5. d4 Bb4 6. Qa4+ Nc6 7. Bd2 0-0 8. 0-0-0 Be6 9. Nf3 Ne4 10. Nxe4 Bxd2+ 11. Nexd2 Qf6 12. cxd5 Bxd5 13. Bc4 Rfd8 14. Bxd5 Rxd5 15. Rhe1 b5 16. Qa6 Rb8 17. Nb3 Rd6 18. Qa3 Qf4+ 19. Kb1 f6 20. Nc5 b4 21. Qb3+ Kf8 22. Ne6+ Rxe6 23. Rxe6 Na5 24. Qe3 Qf5+ 25. Qe4 Qb5 26. Qf4 Nc4 27. Qxc7 a5 28. Qc5+ 1-0

[Event "Foment Martinenc op-C 22nd"]
[Site "Barcelona"]
[Date "2022.05.14"]
[Round "4"]
[White "Ferrandiz Alvarez, Miquel"]
[Black "Sanchez Hernandez, Alex"]
[Result "1-0"]
[WhiteElo "1518"]
[BlackElo "1402"]
[PlyCount "57"]
[EventDate "2022.04.23"]
[EventType "swiss"]
[EventRounds "9"]
[EventCountry "ESP"]
[SourceTitle "EXT 2023"]
[Source "ChessBase"]
[SourceDate "2022.10.05"]
[SourceVersion "1"]
[SourceVersionDate "2022.10.05"]
[SourceQuality "1"]

1. e4 e5 2. Nf3 Nc6 3. c3 Nf6 4. d4 exd4 5. e5 Nd5 6. cxd4 Bb4+ 7. Bd2 Bxd2+ 8. Nbxd2 d6 9. Qa4 dxe5 10. Bc4 exd4 11. Ne5 Qd6 12. Nxc6 bxc6 13. 0-0 0-0 14. Ne4 Qg6 15. Rfe1 Bh3 16. Ng3 Bd7 17. Bxd5 Qd6 18. Be4 Rae8 19. Rad1 c5 20. Qxa7 c6 21. Qa3 Bg4 22. f3 Be6 23. Qd3 Rd8 24. Bxh7+ Kh8 25. Qe4 d3 26. Qh4 Rfe8 27. Bxd3+ Kg8 28. Bh7+ Kf8 29. Rxd6 1-0